000 00928cam a2200265 a 4500
001 000011769
005 20200929162546.0
008 910808s1989 ve b 000 0 spa
020 _a980619702X
040 _aDO-SdBNP
_bspa
_cLC
_dBNPHU
082 _a335.43098
_bG129h
100 1 _aGaete Avaria, Jorge.
_927836
245 1 0 _aHistoria de un lenguaje infortunado. Mariátegui y el marxismo /
_cJorge Gaete Avaria.
260 _aCaracas :
_bFundación Centro de Estudios Latinoamericanos Rómulo Gallegos,
_c1989.
300 _a211 p. ;
_c21 cm.
490 1 _aLa Alborada
504 _aReferencias bibliográficas p. 201-211.
600 1 0 _aMariategui, Jose Carlos,
_d1894-1930.
_927837
650 0 _4MARXISMO
_xHistoria.
_zAmérica Latina
_927838
650 4 _aComunismo
_zAmérica Latina
_96841
740 0 _aMariategui y el marxismo.
830 0 _aLa Alborada
_915958
910 _aCatalogación derivada
049 _aBNGR
999 _c11443
_d11443